000
00315 a2200157 4500
001
168950
020
_a
040
_c
Magnum
100
_a
Faria, Edmeia
240
1
0
_a
Todos acordamos um dia
_l
por
245
1
0
_a
Todos acordamos um dia
362
0
_a
1899
440
1
_a
RHJ
697
_a
J/FICCAO
942
_c
BK
999
_c
168950
_d
168950